Normal view
MARC view
- Supervisor Dr. Bilal Anjum Ahmed
Entry Corporate Name
001 - CONTROL NUMBER
- control field: 88291
003 - CONTROL NUMBER IDENTIFIER
- control field: NUST
005 - DATE AND TIME OF LATEST TRANSACTION
- control field: 20220112111022.0
008 - FIXED-LENGTH DATA ELEMENTS
- fixed length control field: 220112|| aca||aabn | a|a d
040 ## - CATALOGING SOURCE
- Original cataloging agency: NUST
- Transcribing agency: NUST
110 ## - HEADING--CORPORATE NAME
- Corporate name or jurisdiction name as entry element: Supervisor Dr. Bilal Anjum Ahmed
670 ## - SOURCE DATA FOUND
- Source citation: Work cat.: (NUST): Saad Bin Sarfraz 88290, TH-SOF-1945-Characterization of Spark Plasma Sintered SiAlONTiCN Nano Composites, 2021
